000 00896nmc a2200349 a 4500
003 AR-BaBNM
005 20251128204449.0
008 045119s1993 ||||||||||||||000 | spa||
020 _a950-03-0387-6
040 _cAR-BaBNM
100 1 _aEcheverría, Esteban
_d1805-1851
245 1 0 _aLa cautiva
_b; El Matadero
250 _a3ª ed.
260 _aBuenos Aires
_bLosada
_c1993
300 0 _a148 p.
490 0 _aBiblioteca clásica y contemporánea
500 0 _aContiene índice de las obras
500 0 _aVocabulario
504 _aBibliografía
650 4 _aLITERATURA ARGENTINA
650 4 _aCULTURA
650 4 _aHUMANIDADES
650 4 _aROMANTICISMO
650 4 _aPOESIA
650 4 _aEPOCA DE ROSAS
650 4 _aGENERACION DE 1837
650 4 _aSALON LITERARIO
655 _aLITERATURA
700 1 _aMartínez, Carlos Damaso
942 _cBK
998 _cisola
999 _c7522
_d7522